000 00635nam a2200265Ia 4500
003 OSt
005 20220912145605.0
006 a|||||r|||| 00| 0
007 ta
008 220909b |||||||| |||| 00| 0 eng d
024 _a70588
037 _cTextual
040 _aCSL
_beng
_cCSL
041 _aeng
082 _aG, L8
100 _aApplewhite Philip
245 0 _aUnderstanding biology
260 _c1978
300 _ap.
_ccm.
650 _aBiology
700 _a Roe Richard
700 _a Wilson Sam
942 _hG, L8
_cTEXL
_2CC
999 _c34471
_d34471